Ultimate names in League of Legends - Statistics

General Stats
  • This quiz has been taken 865 times
    256 since last reset
  • The average score is 62 of 167
Answer Stats
Champion Answer % Correct
Aatrox World Ender
86%
Ahri Spirit Rush
81%
Akali Perfect Execution
76%
Annie Summon: Tibbers
75%
Ivern Daisy!
64%
Amumu Curse of the Sad Mummy
61%
Jhin Curtain Call
61%
Jinx Super Mega Death Rocket
61%
Ezreal Trueshot Barrage
61%
Fiddlesticks Crowstorm
60%
Caitlyn Ace in the hole
59%
Orianna Command: Shockwave
59%
Gnar Gnar!
58%
Cho'Gath Feast
56%
Camille The Hextech Ultimatum
56%
Lucian The Culling
55%
Ashe Enchanted Crystal Arrow
54%
Karma Mantra
54%
Darius Noxian Guillotine
54%
Kled Chaaaaaaaarge!!!
53%
Nami Tidal Wave
53%
Heimerdinger Upgrade!!!
52%
Gankplank Cannon Barrage
51%
Jarvan IV Cataclysm
51%
Miss Fortune Bullet Time
50%
Lux Final Spark
49%
LeBlanc Mimic
49%
Smolder MMOOOMMMM!
49%
Elise Spider Form
49%
Rumble The Equalizer
49%
Aphelios Moonlight Vigil
48%
Garen Demacian Justice
47%
Renekton Dominus
47%
Azir Emperor's Divide
47%
Karthus Requiem
47%
Alistar Unbreakable Will
47%
Nunu Absolute Zero
46%
Ornn Call of the Forge God
46%
Ekko Chronobreak
46%
Katarina Death Lotus
46%
Neeko Pop Blossom
46%
Brand Pyroclasm
46%
Malphite Unstoppable Force
46%
Draven Whirling Death
46%
K'Sante All Out
45%
Gragas Explosive Cask
45%
Kindred Lamb's Respite
45%
Rell Magnet Storm
45%
Nocturne Paranoia
45%
Thresh The Box
45%
Pyke Death from Below
44%
Sylas Hijack
44%
Gwen Needlework
44%
Olaf Ragnarok
44%
Leona Solar Flare
44%
Bard Tempered Fate
44%
Lee Sin Dragon's Rage
43%
Diana Moonfall
43%
Janna Monsoon
42%
Kassadin Riftwalk
42%
Rakan The Quickness
42%
Twisted Fate Destiny
41%
Aurelion Sol Falling Star / The Skies Descend
41%
Braum Glacial Fissure
41%
Renata Glasc Hostile Takeover
41%
Twitch Spray and Pray
41%
Nautilius Depth Charge
40%
Evelynn Last Caress
40%
Lissandra Frozen Tomb
39%
Galio Hero's Entrance
39%
Master Yi Highlander
39%
Skarner Impale
39%
Kai'Sa Killer Instinct
39%
Ryze Realm Warp
39%
Kayn Umbral Trespass
39%
Soraka Wish
39%
Xayah Featherstorm
38%
Cassiopeia Petrifying Gaze
38%
Shen Stand United
38%
Blitzcrank Static Field
38%
Qiyana Supreme Display of Talent
38%
Fizz Chum the Waters
37%
Seraphine Encore
37%
Kog'Maw Living Artillery
37%
Sona Crescendo
36%
Kalista Fate's Call
36%
Anivia Glacial Storm
36%
Viego Heartbreaker
36%
Yasuo Last Breath
36%
Corki Missile Barrage
36%
Sett The Show Stopper
36%
Tryndamere Undying Rage
36%
Sejuani Glacial Prison
35%
Graves Collateral Damage
34%
Vayne Final Hour
34%
Pantheon Grand Starfall
34%
Hecarim Onslaught of Shadows
34%
Mordekaiser Realm of Death
34%
Talyiah Weaver's Wall
34%
Wukong Cyclone
33%
Illaoi Leap of Faith
33%
Zed Death Mark
32%
Kennen Slicing Maelstrom
32%
Sion Unstoppable Onslaught
32%
Poppy Keeper's Verdict
31%
Maokai Nature's Grasp
31%
Sivir On the Hunt
31%
Morgana Soul Shackles
31%
Lulu Wild Growth
31%
Yuumi Final Chapter
30%
Samira Inferno Trigger
30%
Teemo Noxious Trap
30%
Tristana Buster Shot
29%
Bel'Veth Endless Banquet
29%
Zac Let's Bounce!
29%
Rengar Thrill of the Hunt
29%
Irelia Vanguard's Edge
29%
Nilah Apotheosis
28%
Varus Chain of Corruption
28%
Nasus Fury of the Sands
28%
Malzahar Nether Grasp
28%
Lillia Lilting Lullaby
27%
Quinn Behind the Enemy Lines / Skystrike
26%
Senna Dawning Shadow
26%
Yone Fate Sealed
26%
Shaco Hallucinate
26%
Singed Insanity Potion
26%
Victor Chaos Storm
25%
Urgot Fear Beyond Death
25%
Vladimir Hemoplague
25%
Zoe Portal Jump
25%
Trundle Subjugate
25%
Zilean Chronoshift
24%
Hwei Spiraling Despair
24%
Vel'Koz Life Form Disintegration Ray
24%
Jayce Mercury Cannon / Mercury Hammer
24%
Veigar Primordial Burst
24%
Syndra Unleashed Power
24%
Kha'Zix Void Assault
24%
Rek'Sai Void Rush
24%
Swain Demonic Ascension
23%
Kayle Divine Judgement
23%
Milio Breath of Life
21%
Xin Zhao Crescent Guard
21%
Briar Certain Death
21%
Xerath Rite of the Arcane
21%
Talon Shadow Assault
21%
Naafiri The Call of the Pack
21%
Jax Grandmaster-At-Arms
20%
Warwick Infinite Duress
20%
Nidalee Aspect of the Cougar
19%
Riven Blade of the Exile
19%
Shyvana Dragon's Descent
19%
Zeri Lightning Crash
19%
Ziggs Mega Inferno Bomb
19%
Dr. Mundo Maximum Dosage
18%
Rammus Soaring Slam
18%
Taric Cosmic Radiance
17%
Yorick Eulogy of the Isles
17%
Zyra Stranglethorns
17%
Volibear Stormbringer
16%
Vex Shadow Surge
14%
Fiora Grand Challange
13%
Vi Assault and Battery
12%
Tahm Kench Abyssal Voyage
5%
Udyr Wingborne Storm
4%
Akshan Heroic Swing
2%
No matching quizzes found
Score Distribution
Percent of People with Each Score
Percentile by Number Answered
Your Score History
You have not taken this quiz since the last reset